| 000 | 00303 a2200097 4500 | ||
|---|---|---|---|
| 001 | 13009 | ||
| 100 | _aThoreau,H.D | ||
| 245 | _aWalden and Resistance to Civil Government: Authoritative Texts Thoreau's Journal Review and Essays in Criticism | ||
| 260 |
_a _bW W Norton & Company _c |
||
| 090 |
_c10014 _d10014 |
||
| 942 |
_aNUST-CAE _cM _c20 |
||
| 999 |
_c248082 _d248082 |
||